La sociología alemana contemporánea
Сохранить в:
| Главный автор: | |
|---|---|
| Формат: | |
| Язык: | испанский |
| Опубликовано: |
Buenos Aires
Paidós
1965
|
| Редактирование: | 2a. ed |
| Серии: | Biblioteca del Hombre Contemporaneo, 142
|
| Предметы: | |
| Метки: |
Добавить метку
Нет меток, Требуется 1-ая метка записи!
|
MARC
| LEADER | 00000nam a2200000 a 4500 | ||
|---|---|---|---|
| 001 | UCR6490 | ||
| 003 | CL-VaPUC | ||
| 008 | 980423e19650000AG |||||||||||||||||spa|d | ||
| 082 | 0 | 4 | |a 301 |b ARO |2 21 |
| 100 | 0 | |a Aron, Raymond |e author |9 407562 | |
| 245 | 1 | 3 | |a La sociología alemana contemporánea |
| 250 | |a 2a. ed | ||
| 300 | |a 197 p | ||
| 942 | |c BK | ||
| 945 | |d 19980423 00:00:00 |a lriquelm | ||
| 260 | |a Buenos Aires |b Paidós |c 1965 | ||
| 650 | 0 | |a Sociología |9 255410 | |
| 650 | 0 | |a Comunidad |9 308730 | |
| 650 | 0 | |a Sociedad |9 307903 | |
| 650 | 7 | |a SOCIOLOGIA FENOMENOLOGICA |2 CL-VaPUC |9 322780 | |
| 650 | 0 | |a Sociología histórica |9 307548 | |
| 650 | 0 | |a Cultura |9 269059 | |
| 651 | 0 | |a Alemania |9 255688 | |
| 583 | |a last modification |c 19980423 00:00:00 |k Rodrigo Vera | ||
| 490 | 0 | |a Biblioteca del Hombre Contemporaneo, 142 | |
| 999 | |c 268574 |d 268572 | ||
| 952 | |0 0 |1 0 |2 ddc |4 0 |6 301_000000000000000_ARO_1965 |7 0 |8 P |9 301778 |a BIBENE |b BIBENE |d 2019-11-20 |i 1975811 |o 301 ARO 1965 |p 1975811 |r 2025-01-15 |w 2019-11-20 |y BK |k ICO | ||